Postavenie daňového subjektu počas daňovej kontroly
Počas daňovej kontroly sa správca dane snaží o získanie podkladov pre správne určenie základu dane a daňovej platby daňového subjektu. Právna úprava výkonu daňovej kontroly. Jednotlivé základné zásady výkonu daňovej kontroly. Právne postavenie kontrolovaného daňového subjektu pri daňovej kontrole.
Salvato in:
| Autore principale: | |
|---|---|
| Natura: | Capitolo di libro |
| Lingua: | slovacco |
| Soggetti: | |
| Tags: |
Nessun Tag, puoi essere il primo ad aggiungerne!!
|
MARC
| LEADER | 00000naa a2200000 4500 | ||
|---|---|---|---|
| 001 | 0312731 | ||
| 005 | 20251010111758.0 | ||
| 041 | 0 | |a slo | |
| 044 | |a SK | ||
| 245 | 1 | 0 | |a Postavenie daňového subjektu počas daňovej kontroly |c Ladislav Hrtánek |
| 520 | |a Počas daňovej kontroly sa správca dane snaží o získanie podkladov pre správne určenie základu dane a daňovej platby daňového subjektu. Právna úprava výkonu daňovej kontroly. Jednotlivé základné zásady výkonu daňovej kontroly. Právne postavenie kontrolovaného daňového subjektu pri daňovej kontrole. | ||
| 610 | 2 | 0 | |a subjekty daňové |
| 610 | 2 | 0 | |a kontrola daňová |
| 610 | 2 | 0 | |a správa daňová |
| 610 | 2 | 0 | |a základ dane |
| 610 | 2 | 0 | |a úpravy právne |
| 610 | 2 | 0 | |a zákony |
| 100 | 1 | |a Hrtánek, Ladislav | |